000
00290nam a2200109Ia 4500
008
230907s9999||||xx |||||||||||||| ||und||
082
_a
621.3822
_b
BOG
100
_a
Bogatin, Eric,
_9
115501
245
0
_a
Signal and power integrity, simplified /
300
_a
xxxii, 958 pages ;
942
_c
BK
999
_c
598583
_d
598583